header

Cataract surgery : (Record no. 92904)

MARC details
000 -LEADER
fixed length control field 02810nam a2200397 i 4500
001 - CONTROL NUMBER
control field ebr10843254
003 - CONTROL NUMBER IDENTIFIER
control field CaPaEBR
006 - FIXED-LENGTH DATA ELEMENTS--ADDITIONAL MATERIAL CHARACTERISTICS--GENERAL INFORMATION
fixed length control field m o d
007 - PHYSICAL DESCRIPTION FIXED FIELD--GENERAL INFORMATION
fixed length control field cr cn|||||||||
008 - FIXED-LENGTH DATA ELEMENTS--GENERAL INFORMATION
fixed length control field 131023t20142014njuad ob 000 0 eng|d
020 ## - INTERNATIONAL STANDARD BOOK NUMBER
Cancelled/invalid ISBN 9781617116056 (hardback)
International Standard Book Number 9781617119941 (e-book)
040 ## - CATALOGING SOURCE
Original cataloging agency CaPaEBR
Language of cataloging eng
Description conventions rda
-- pn
Transcribing agency CaPaEBR
035 ## - SYSTEM CONTROL NUMBER
System control number (OCoLC)872641115
050 14 - LIBRARY OF CONGRESS CALL NUMBER
Classification number RE451
Item number .B87 2014eb
082 04 - DEWEY DECIMAL CLASSIFICATION NUMBER
Classification number 617.7/42059
Edition number 23
100 1# - MAIN ENTRY--PERSONAL NAME
Personal name Buratto, Lucio,
Relator term author.
245 10 - TITLE STATEMENT
Title Cataract surgery :
Remainder of title introduction and preparation /
Statement of responsibility, etc Lucio Buratto, Stephen F. Brint, Laura Sacchi.
264 #1 - PRODUCTION, PUBLICATION, DISTRIBUTION, MANUFACTURE, AND COPYRIGHT NOTICE
Place of production, publication, distribution, manufacture Thorofare, New Jersey :
Name of producer, publisher, distributor, manufacturer Slack Incorporated,
Date of production, publication, distribution, manufacture, or copyright notice [2014]
Date of production, publication, distribution, manufacture, or copyright notice �2014
300 ## - PHYSICAL DESCRIPTION
Extent 1 online resource (142 pages) :
Other physical details illustrations (chiefly color)
336 ## - CONTENT TYPE
Content type term text
Source rdacontent
337 ## - MEDIA TYPE
Media type term computer
Source rdamedia
338 ## - CARRIER TYPE
Carrier type term online resource
Source rdacarrier
504 ## - BIBLIOGRAPHY, ETC. NOTE
Bibliography, etc Includes bibliographical references.
520 ## - SUMMARY, ETC.
Summary, etc "Cataract Surgery: Introduction and Preparation offer the latest information and examines the most popular instruments used, the preoperative examination, and the operating technique for cataract surgery. Dr. Lucio Buratto, Dr. Stephen Brint, and Dr. Laura Sacchi provide a step-by-step approach to facilitate assessing the patient, performing the technique, and managing cataract surgery in the most optimal way possible. Cataract Surgery: Introduction and Preparation will lead beginning surgeons down the exciting path of cataract surgery as they increase their knowledge of phacoemulsification and the femtolaser by learning all the details associated with the procedures. Cataract Surgery: Introduction and Preparation covers a wide variety of topics, including presurgery examination, incisions, capsulorhexis, hydrodissection, prevention of endophthalmitis, and ophthalmic viscosurgical devices for modern cataract surgery. Supplemented by more than 200 color illustrations, diagrams, a glossary, and references, all surgeons from beginner to expert will want this unique resource by their side"--Provided by publisher.
588 ## - SOURCE OF DESCRIPTION NOTE
Source of description note Description based on print version record.
590 ## - LOCAL NOTE (RLIN)
Local note Electronic reproduction. Palo Alto, Calif. : ebrary, 2014. Available via World Wide Web. Access may be limited to ebrary affiliated libraries.
650 #0 - SUBJECT ADDED ENTRY--TOPICAL TERM
Topical term or geographic name as entry element Cataract
General subdivision Surgery.
655 #0 - INDEX TERM--GENRE/FORM
Genre/form data or focus term Electronic books.
700 1# - ADDED ENTRY--PERSONAL NAME
Personal name Brint, Stephen F.,
Dates associated with a name 1946-
Relator term author.
Personal name Sacchi, Laura,
Relator term author.
776 08 - ADDITIONAL PHYSICAL FORM ENTRY
Display text Print version:
Main entry heading Buratto, Lucio.
Title Cataract surgery : introduction and preparation.
Place, publisher, and date of publication Thorofare, New Jersey : Slack Incorporated, [2014]
International Standard Book Number 9781617116056
Record control number (DNLM)101618599
-- (DLC)10843254
797 2# - LOCAL ADDED ENTRY--CORPORATE NAME (RLIN)
Corporate name or jurisdiction name as entry element ebrary.
856 40 - ELECTRONIC LOCATION AND ACCESS
Uniform Resource Identifier <a href="http://site.ebrary.com/lib/rucke/Doc?id=10843254">http://site.ebrary.com/lib/rucke/Doc?id=10843254</a>
Public note An electronic book accessible through the World Wide Web; click to view

No items available.

© 2026 Rongo University
Contact us: librarian | system librarian | Rongo university